Normal view
MARC view
- Road construction contracts.
Entry Topical Term
001 - CONTROL NUMBER
- control field: 22560
003 - CONTROL NUMBER IDENTIFIER
- control field: NUST
005 - DATE AND TIME OF LATEST TRANSACTION
- control field: 20191003105751.0
008 - FIXED-LENGTH DATA ELEMENTS
- fixed length control field: 191003|| aca||aabn | a|a d
040 ## - CATALOGING SOURCE
- Original cataloging agency: NUST
- Transcribing agency: NUST
150 ## - HEADING--TOPICAL TERM
- Topical term or geographic name entry element: Road construction contracts.
670 ## - SOURCE DATA FOUND
- Source citation: Work cat.: (NUST)0: Compensation for contractors' home office overhead :, 2003.
